रविचंद्र ( इष्ट अनिष्ट फले मार्गदर्शन व उपासना ) (Record no. 175525)

MARC details
000 -LEADER
fixed length control field 00782nam a2200181Ia 4500
008 - FIXED-LENGTH DATA ELEMENTS--GENERAL INFORMATION
fixed length control field 090124s9999 xx 000 0 und d
082 ## - DEWEY DECIMAL CLASSIFICATION NUMBER
Item number 129436
100 ## - MAIN ENTRY--PERSONAL NAME
Personal name कर्णिक रमेश
245 ## - TITLE STATEMENT
Title रविचंद्र ( इष्ट अनिष्ट फले मार्गदर्शन व उपासना )
250 ## - EDITION STATEMENT
Edition statement 2
260 ## - PUBLICATION, DISTRIBUTION, ETC. (IMPRINT)
Date of publication, distribution, etc 1994
300 ## - PHYSICAL DESCRIPTION
Extent 32
600 ## - SUBJECT ADDED ENTRY--PERSONAL NAME
Personal name कर्णिक रमेश
630 ## - SUBJECT ADDED ENTRY--UNIFORM TITLE
Uniform title रविचंद्र ( इष्ट अनिष्ट फले मार्गदर्शन व उपासना )
700 ## - ADDED ENTRY--PERSONAL NAME
Personal name कर्णिक रमेश
730 ## - ADDED ENTRY--UNIFORM TITLE
Uniform title रविचंद्र ( इष्ट अनिष्ट फले मार्गदर्शन व उपासना )
942 ## - ADDED ENTRY ELEMENTS (KOHA)
Koha item type Book
Holdings
Withdrawn status Lost status Damaged status Not for loan Home library Current library Date acquired Cost, normal purchase price Total Checkouts Full call number Barcode Date last seen Cost, replacement price Price effective from Koha item type
        Marathi Granth Sangrahalaya,Thane Marathi Granth Sangrahalaya,Thane   10.00   129436 THNMGS-129436 01/24/2009 10.00 01/24/2009 Book